000
002260000a22000970004500
100
1
_a
Sherchan, Renu
245
1
0
_a
Una verdadera historia de éxito
300
_a
Núm 42 (2000), Páginas 5
773
0
_t
Paso a paso
942
_c
ANA
999
_c
52521
_d
52521